Engineering electromagnetics (Record no. 3963)

000 -LEADER
fixed length control field 00510nam a2200193 i 4500
001 - CONTROL NUMBER
control field 3963
003 - CONTROL NUMBER IDENTIFIER
control field BD-DhUET
008 - FIXED-LENGTH DATA ELEMENTS--GENERAL INFORMATION
fixed length control field 800401s1981 nyua b 001 0 eng
020 ## - INTERNATIONAL STANDARD BOOK NUMBER
International Standard Book Number 0070273952
040 ## - CATALOGING SOURCE
Original cataloging agency DLC
Transcribing agency DLC
Modifying agency BD-DhUET
082 00 - DEWEY DECIMAL CLASSIFICATION NUMBER
Classification number 530.41
Item number HAY/1981
100 ## - MAIN ENTRY--PERSONAL NAME
Personal name Hayt, William H.
245 10 - TITLE STATEMENT
Title Engineering electromagnetics
Statement of responsibility, etc. by William H. Hayt
250 ## - EDITION STATEMENT
Edition statement 4th ed.
260 ## - PUBLICATION, DISTRIBUTION, ETC. (IMPRINT)
Place of publication, distribution, etc. New York
Name of publisher, distributor, etc. McGraw-Hill
Date of publication, distribution, etc. 1981
300 ## - PHYSICAL DESCRIPTION
Extent xiii, 527 p.
Other physical details ill.
Dimensions 25 cm.
650 #0 - SUBJECT ADDED ENTRY--TOPICAL TERM
Topical term or geographic name as entry element Electromagnetic theory
942 ## - ADDED ENTRY ELEMENTS (KOHA)
Koha item type General Book
Holdings
Lost status Copy number Withdrawn status Piece designation (barcode) Source of classification or shelving scheme Koha full call number Location (home branch) Price effective from Sublocation or collection (holding branch) Not for loan Koha date last seen Koha normalized classification for sorting Koha item type Damaged status Shelving location Date acquired
 1 79758 530.41/HAY/1981Central Library, BUET2014-11-10Central Library, BUET 2014-11-10530_000000000000000_41HAY1981General Book Circulation section2014-11-10
 2 79759 530.41/HAY/1981Central Library, BUET2014-11-10Central Library, BUET 2014-11-10530_000000000000000_41HAY1981General Book Circulation section2014-11-10
 3 79757 530.41/HAY/1981Central Library, BUET2014-11-29Central Library, BUET 2014-11-29530_410000000000000_HAY_1981General Book Circulation section2014-11-29
 4 79756 530.41/HAY/1981Central Library, BUET2014-11-29Central Library, BUET 2014-11-29530_000000000000000_41HAY1981General Book Circulation section2014-11-29
 5 79760 530.41/HAY/1981Central Library, BUET2015-06-11Central Library, BUET 2015-06-11530_410000000000000_HAY_1981Reading Item Reading section2015-06-11